Countries with 10 Vowels or More (Pt. 1) - Statistics

General Stats
  • This quiz has been taken 10 times
  • The average score is 10 of 20
Answer Stats
Answer Number of Vowels Continent % Correct
Republic of Equatorial Guinea 14 Africa
89%
Kingdom of Saudi Arabia 10 Asia
78%
United Kingdom of Great Britain and Northern Ireland 17 Europe
78%
United States of America 10 North America
78%
Republic of Trinidad and Tobago 11 South America
67%
Democratic People's Republic of Korea 14 Asia
56%
Independent State of Papua New Guinea 15 Oceania
56%
Saint Vincent and the Grenadines 10 North America
56%
The Democratic Republic of the Congo 12 Africa
56%
Democratic Republic of São Tomé and Príncipe 13 Africa
44%
Republic of Côte d'Ivoire 10 Africa
44%
Republic of Sierra Leone 10 Africa
44%
Islamic Republic of Afghanistan 11 Asia
33%
Islamic Republic of Mauritania 13 Africa
33%
People's Republic of Bangladesh 10 Asia
33%
Principality of Liechtenstein 10 Europe
33%
Republic of Guinea-Bissau 11 Africa
33%
Republic of North Macedonia 10 Europe
22%
Democratic Republic of Timor-Leste 12 Asia
11%
Federation of Saint Christopher and Nevisa 15 North America
11%
No matching quizzes found
Score Distribution
Percent of People with Each Score
Percentile by Number Answered
Your Score History
You have not taken this quiz